Serien erraten mit Bildern - Das Finale - Die 50 besten Serien - Statistiken

Allgemein
  • Dieses Quiz wurde 4.590 mal gespielt
  • Das Durchschnittsergebnis liegt bei 17 aus 50
Antwortstatistiken
Bildquiz Antwort % Korrekt
Batman
93%
Avatar
91%
Breaking Bad
90%
Rick and Morty
86%
Friends
84%
South Park
80%
Game of Thrones
79%
Sherlock
77%
One Piece
73%
Peaky Blinders
70%
The Office
69%
DragonBall Z
68%
The last of Us
57%
Attack on Titan
53%
Better Call Saul
50%
Bojack Horseman
49%
Arcane
48%
Narcos
46%
Willkommen in Gravity Falls
46%
Black Mirror
40%
Hunter X Hunter
35%
Chernobyl
32%
Bluey
31%
Fullmetal Alchemist Brotherhood
31%
Lass es Larry
26%
Sopranos
26%
Cowboy Bebop
21%
Seinfeld
21%
Ted Lasso
21%
Band of Brothers
18%
Firefly
11%
True Detective
11%
Rome
10%
Fargo
9%
The Wire
8%
It's always sunny in Philadelphia
7%
Succession
7%
The West Wing
5%
Twin Peaks
5%
Flying Circus
4%
The Twilight Zone
4%
Blackadder
3%
Six Feet Under
3%
Oz
2%
Voll daneben, voll im Leben
2%
When They See Us
2%
Fawlty Towers
1%
Dekalog
0%
Sahsiyet
0%
Scam 1992
0%
Keine übereinstimmenden Quizze gefunden
Verteilung der Resultate
Anzahl Personen mit jedem Resultat
Perzentil nach korrekt beantworteten Fragen
Ihre Resultats-Entwicklung
Sie haben dieses Quiz noch nicht gespielt